|
|
|
|
| LEADER |
00000nam0a2200000 4500 |
| 001 |
270276 |
| 005 |
20231101234330.0 |
| 020 |
|
|
|a RU
|b 87-41726
|
| 035 |
|
|
|a (RuTPU)RU\TPU\book\293457
|
| 090 |
|
|
|a 270276
|
| 100 |
|
|
|a 20140925d1987 k y0rusy5003 ca
|
| 101 |
0 |
|
|a rus
|
| 102 |
|
|
|a RU
|
| 105 |
|
|
|a y z 001zy
|
| 200 |
1 |
|
|a Применение нормативных методов в управлении химическими предприятиями
|f А. М. Эйдинов, М. Г. Ширин
|
| 210 |
|
|
|a Москва
|c Химия
|d 1987
|
| 215 |
|
|
|a 207 с.
|
| 320 |
|
|
|a Библиогр.: с. 207 (24 назв.)
|
| 606 |
1 |
|
|a Химическая промышленность,предприятия
|x Управление
|2 stltpush
|3 (RuTPU)RU\TPU\subj\30903
|9 53916
|
| 610 |
1 |
|
|a нормативное хозяйство
|
| 610 |
1 |
|
|a нормативные методы
|
| 610 |
1 |
|
|a корректировки
|
| 610 |
1 |
|
|a учет
|
| 610 |
1 |
|
|a производственные запасы
|
| 610 |
1 |
|
|a затраты
|
| 610 |
1 |
|
|a учетная информация
|
| 610 |
1 |
|
|a технико-экономическая информация
|
| 675 |
|
|
|a 66:658
|z rus
|v 3
|
| 700 |
|
1 |
|a Эйдинов
|b А. М.
|g Александр Матвеевич
|4 070
|
| 701 |
|
1 |
|a Ширин
|b М. Г.
|g Михаил Григорьевич
|
| 801 |
|
0 |
|a RU
|b RuMRKP
|c 19950417
|g psbo
|
| 801 |
|
1 |
|a RU
|b 63413507
|c 20140925
|
| 801 |
|
2 |
|a RU
|b 63413507
|c 20170303
|g RCR
|
| 942 |
|
|
|c BK
|